00966nam a22002417a 4500999001300000003000900013008004100022040007100063082002100134100001900155245003500174260002500209300002600234505012200260650003100382650002300413650001800436650002700454942001600481945002100497952010100518952010500619  c726d726AR-CdUCM190225b           ||||| |||| 00| 0 spa d  aMUNICIPALIDAD PROVINCIAL DEL CUSCOcBIBLIOTECA MUNICIPAL DEL CUSCO  a869.508 / bH533  aHeraud, Javier  aPoesías Completas y Cartas /  aLima :bPeisa,c1976  a248 paginas ;c16 cm.  aEl rió  -- El viaje -- Estación reunida -- Las sobras y los días -- Poemas a la tierra -- Viajes imaginarios...  aRevueltas Campesinas92784  aFederaciones92785  aMuertes92786  aCalles desiertas92787  2ddccLIBROS  awntsd2019-02-25  002ddc4070aSHbSHcCARTd2019-02-25g10.00o869.508 /  H533pSH0000000653r2019-02-25yLIBROS  002ddc4070aSHbSHcCARTd2019-03-13g10.00o869.508 / H533 /e.2pSH0000006486r2019-03-13yLIBROS